01625nam a2200433 i 450000100060000000300090000600500170001500800390003201500170007102000150008802000150010304000280011804100080014604600090015408000130016308000180017610000290019424501130022325000120033626000330034830000330038133600270041433700540044133800280049538000160052338800140053938800140055349000570056750000780062452101090070265000330081165500420084465800340088665800300092070000330095071000540098383000560103785600980109333823KOSZ 00520221215101003.0991127s1998 pl a f f |000 0 pol aPB 2000/1049 a8387665177 a8387665029 aWA NcWA NdKOSZ 005/HR0 apol k1998 a658.1/.5 a(075.3.053.7)1 aKabat, FranciszekeAutor10aEkonomika i organizacja przedsiębiorstw :bpodręcznik.nCz. 4 /cFranciszek Kabat, Marian Pietraszewski. aWyd. 3. aPoznań :b"eMPi²",c1998. a207, [1] s. :bil. ;c24 cm. 2rdacontentaTekstbtxt 2rdamediaaBez urządzenia pośredniczącegobn 2rdacarrieraWoluminbnc aKsiążki a1901-2000 a1989-20001 aMateriały i Podręczniki Mariana Pietraszewskiego. aAut. cz. 1 i 2: Chudy Stanisław, Kabat Franciszek, Pietraszewski Marian.8 aPodręcznik dla zawodu technika ekonomisty - specjalność ekonomika i organizacja przedsiębiorstw. 4aEkonomika przedsiębiorstwa 4aPodręczniki dla szkół zawodowych aGospodarka, ekonomia, finanse aZarządzanie i marketing1 aPietraszewski, MarianeAutor2 aWydawnictwo eMPi² Mariana Pietraszewskiego4pbl. 0aMateriały i Podręczniki Mariana Pietraszewskiego uhttp://koha.tu.koszalin.pl/cgi-bin/koha/opac-detail.pl?biblionumber=33823yKatalog online BPK